| 000 | 00690nam a2200229 a 4500 | ||
|---|---|---|---|
| 005 | 20210223124005.0 | ||
| 008 | 991125n 000 0 u | ||
| 035 | _aUPN01000093356 | ||
| 100 | 1 | _aWeinstein, Thomas | |
| 222 | _aJOURNAL OF RESEARCH IN READING | ||
| 245 | _aPractical literacy of young adults : educational antecedents and influences | ||
| 300 | _a3-19 | ||
| 362 | 0 | _a16, No. 1, 993 | |
| 505 | _aAgosto 1993 | ||
| 653 | 0 | _aALFABETIZACION DEL ADULTO | |
| 653 | 0 | _aEXPERIENCIA EDUCATIVA | |
| 653 | 0 | _aHABILIDAD LECTORA | |
| 653 | 0 | _aHABILIDAD PARA LA ESCRITURA | |
| 700 | 1 |
_aWalberg, Herbert J., _d1937- _ecoaut. _929494 |
|
| 904 |
_aAC _b031167 |
||
| 905 | _aArticulo | ||
| 999 |
_c74676 _d74676 |
||